000 00665 a2200229 4500
003 CBULib
005 20231109124813.0
008 231109b |||||||| |||| 00| 0 eng d
020 _a9780192892973
040 _bEnglish
_cCBULib
_erda
041 _aeng
050 _aBD 418.3 Cra
100 _aCrane, Tim
245 _aElements of mind : an introduction to philosophy of mind
_c/ by Tim Crane
260 _bOxford University Press,
_c2009
_aOxford :
300 _axvii, 181 pages
336 _2rdacontent
_aText |
_btxt
337 _2rdamedia
_aUnmediated |
_bn
338 _2rdacarrier
_aVolume
_bnc
650 0 _aPHILOSOPHY OF MIND
_9801
942 _2lcc
_c002
999 _c83006
_d83006